Meilleurs sons de Dinos - Statistiques

Statistiques générales
  • Ce quiz a été pris 817 fois
    240 depuis la dernière actualisation
  • Le résultat moyen est 6 sur 15
Statistiques - réponses
Rang Titres Streams % Correct
3 Helsinki 43,8M
91%
1 Placebo 113,5M
82%
2 Du mal à te dire (ft. Damso) 53,9M
70%
6 93 mesures 23,3M
66%
5 Moins un (ft. Nekfeu) 36,6M
52%
4 No Love (ft. Marie Plassard) 43,0M
47%
7 XNXX 19,8M
40%
10 Arob@se 16,9M
36%
9 Ciel pleure (ft. Laylow) 17,5M
32%
13 Chrome Hearts (ft. Hamza) 15,2M
28%
11 Namek 16,4M
28%
8 Je Wanda (ft. Tayc) 18,7M
21%
14 Paranoïaque 15,1M
20%
15 Pichichi Anderson (ft. Laylow) 14,3M
15%
12 10 minutes (ft. PLK) 15,7M
7%
Aucun quiz correspondant
Distribution des résultats
% des personnes avec chaque résultat
Percentile par nombre de réponses
Votre historique - résultats
Vous n’avez pas pris ce quiz depuis la dernière actualisation